| 000 | 01044nam a2200241Ia 4500 | ||
|---|---|---|---|
| 999 |
_c38651 _d38651 |
||
| 001 | 4873 | ||
| 003 | GE_BSU | ||
| 005 | 20190809150252.0 | ||
| 008 | 181216s2006||||ge |||||||||||||| ||geo|| | ||
| 020 | _a9994011162 | ||
| 040 | _cGE_BSU | ||
| 041 | _ageo | ||
| 080 | _a737(479.22) + 737.11(100) დ-91 | ||
| 100 |
_aდუნდუა, გიორგი _93482 |
||
| 245 |
_aქართული ნუმიზმატიკა ნ. 1 : _bსახელმძღვანელო / _cგიორგი დუნდუა, თედო დუნდუა ; რედ. ნიკო ჯავახიშვილი. |
||
| 264 |
_aთბილისი : _bარტანუჯი ; _c2006. |
||
| 300 |
_a311 გვ. : _bილ. ; _c28 სმ. |
||
| 541 | _h28ლ.50თ. | ||
| 653 | _aქართული ნუმიზმატიკა | ||
| 700 |
_aდუნდუა, თედო _eავტორი _93483 |
||
| 700 |
_aჯავახიშვილი, ნიკო _eრედაქტორი _93484 |
||
| 942 |
_cBK _2udc |
||